{"text_format":"1","workbook":"xlsx","n_sheets":4,"sheets":["СР","см","рес","деф вед"],"not_rendered":{"charts":0,"images":0,"macros":0,"external_links":0,"defined_names":0,"comments":0,"pivot_tables":0},"unopened":[],"bounds":{"document_bytes":16777216,"sheet_cells":100000,"rows_first":2000,"rows_last":500,"rows_between":2000,"halvings":0,"cell_chars":16384,"cell_head_chars":4096},"cells_cut":0,"cells_raw":0,"read":"whole","date_system":"1900"}

{"sheet":"СР","index":0,"n_rows":30,"n_cols":19,"rows_kept":30,"cut":false,"hidden":false,"merged":[[0,1,0,3],[2,1,2,3],[14,0,17,0],[14,1,17,1],[14,2,17,2],[14,3,14,5],[13,1,13,2],[6,1,6,3],[1,1,1,3],[4,1,4,2],[3,1,3,2],[14,6,17,6],[15,3,17,3],[15,4,17,4],[15,5,17,5],[5,1,5,3],[11,2,11,5],[12,2,12,4],[10,2,10,5],[7,1,7,3]]}
[null,"Заказчик  ______________________________________________________________",null,null,null,"Форма 1"]
[null,"(наименование организации)"]
[null,"Утвержден"]
[null,"Сводный сметный расчет в сумме",null,{"$f":"G27","v":5973.2198399999997},"тыс. тенге"]
[null,"В том числе:\nналог на добавленную стоимость                                                                                       ",null,{"$f":"F27","v":639.98784000000001},"тыс. тенге"]
[]
[null,"(ссылка на документ об утверждении)"]
[null,"\"___\"  _________________________   ______ г."]
[]
[]
[null,null,"Сводный сметный расчет"]
[null,null,"Ремонтно-строительные работы по объекту: СП и МИ г. Алтай ВК ф. АО \"Национальный центр экспертизы и сертификации\" по адресу: г. Алтай, ул. Стахановская, 30",null,null,null,null,null,null,null,null,null,null,null,null,null,null,null,"Ремонтно-строительные работы по объекту: СП и МИ г. Алтай ВК ф. АО \"Национальный центр экспертизы и сертификации\" по адресу: г. Алтай, ул. Стахановская, 30"]
[null,null,"(наименование стройки)"]
[null,"Составлен в текущих ценах по состоянию 3 КВ. 2022г."]
["№ п/п","Номера смет и расчетов, иные документы","Наименование разделов, объектов, работ и затрат","Сметная стоимость, тыс. тенге",null,null,"Общая сметная стоимость,\nтыс. тенге"]
[null,null,null,"строительно-монтажных работ","оборудования, мебели и инвентаря","прочих работ и затрат  "]
[]
[]
[1,2,3,4,5,6,7]
[null,"","Раздел II Сметная стоимость подрядных работ"]
[1,"СРСС","Сметная стоимость строительства",{"$f":"см!L14","v":"5333,232"},null,null,{"$f":"D21","v":"5333,232"}]
[]
[]
[2,"","Итого по разделу II",{"$f":"D21","v":"5333,232"},null,null,{"$f":"G21","v":"5333,232"}]
[3,"","Итого по сводному сметному расчету",{"$f":"D24","v":"5333,232"},null,null,{"$f":"G24","v":"5333,232"}]
[4,"Налоговый кодекс РК","Налог на добавленную стоимость (12 %)",null,null,{"$f":"G25*12%","v":639.98784000000001},{"$f":"F26","v":639.98784000000001}]
[5,"","Всего по сводному сметному расчету",{"$f":"D25","v":"5333,232"},null,{"$f":"F26","v":639.98784000000001},{"$f":"D27+F27","v":5973.2198399999997}]
[]
[]
[null,"","в том числе оборудование, мебель и инвентарь поставки заказчика (без учета НДС) (справочно)"]

{"sheet":"см","index":1,"n_rows":252,"n_cols":13,"rows_kept":252,"cut":false,"hidden":false,"merged":[[2,1,2,9],[3,1,3,9],[5,5,5,10],[6,1,6,9],[7,6,7,7],[7,8,7,9],[18,8,20,8],[19,3,20,3],[19,4,20,4],[19,5,20,5],[19,6,20,6],[212,1,213,1],[212,2,213,2],[107,0,107,12],[118,1,119,1],[118,2,119,2],[206,1,206,2],[194,1,194,2],[197,1,197,2],[200,1,200,2],[201,1,201,2],[202,1,202,2],[203,1,203,2],[121,1,121,2],[122,1,122,2],[123,1,123,2],[246,1,246,2],[229,1,229,2],[215,1,215,2],[216,1,216,2],[217,1,217,2],[220,1,220,2],[223,1,223,2],[224,1,224,2],[225,1,225,2],[226,1,226,2],[242,1,242,2],[243,1,243,2],[232,1,232,2],[233,1,233,2],[234,1,234,2],[237,1,237,2],[97,1,97,2],[100,1,100,2],[240,1,240,2],[241,1,241,2],[192,1,192,2],[193,1,193,2],[126,1,126,2],[132,0,132,12],[133,0,133,12],[180,1,181,1],[180,2,181,2],[183,1,183,2],[184,1,184,2],[185,1,185,2],[188,1,188,2],[191,1,191,2],[106,0,106,12],[88,1,88,2],[89,1,89,2],[50,1,50,2],[51,1,51,2],[52,1,52,2],[55,1,55,2],[61,0,61,12],[62,0,62,12],[83,1,84,1],[83,2,84,2],[86,1,86,2],[87,1,87,2],[92,1,92,2],[95,1,95,2],[96,1,96,2],[22,0,22,12],[23,0,23,12],[46,1,47,1],[46,2,47,2],[49,1,49,2],[19,9,20,9],[19,10,20,10],[8,1,8,9],[9,1,9,9],[11,0,11,1],[11,2,11,9],[16,0,16,11],[17,0,20,0],[17,1,20,1],[17,2,20,2],[17,3,18,3],[17,4,17,6],[19,11,19,12],[17,7,17,10],[17,11,18,12],[18,7,20,7]]}
[null,null,null,null,null,null,null,null,null,null,null,null,"Форма №4"]
[null,null,null,null,null,null,null,null,null,null,null," "]
[null,"Восточно-Казахстанский филиал Акционерного общества \"Национальный центр экспертизы и сертификации\""]
[null,"(наименование стройки)"]
[]
[null,null,null,null,"ЛОКАЛЬНЫЙ СМЕТНЫЙ РАСЧЕТ №","2-1-1"]
[null,"(локальная смета)"]
[null,null,null,null,null,null,"                   "]
["на","Ремонтно-строительные работы., Ремонтно-строительные работы по объекту: СП и МИ г. Алтай Восточно-Казахстанский филиал Акционерного общества \"Национальный центр экспертизы и сертификации"]
[null,"(наименование работ и затрат, наименование объекта)"]
[]
["Основание:"]
[]
[null,null,null,null,"Сметная стоимость",null,null,null,null,null,null,"5333,232","тыс.тнг."]
[null,null,null,null,"Средства на оплату труда",null,null,null,null,null,null,"1373,585","тыс.тнг."]
[]
["Составлена в ценах на 3 КВ. 2022г.",null,null,null,null,null,null,null,null,null,null,null,"тенге"]
["N п/п","Шифр и номер позиции норматива","Наименование работ и затрат","Количество","Стоимость единицы",null,null,"Общая стоимость",null,null,null,"Затраты труда рабочих, чел.-ч, не занятых обслуж. машин"]
[null,null,null,null,"Всего","экспл. машин","материалов","Всего","оплаты труда","экспл.    машин","материалов"]
[null,null,null,"Единица измерения","оплаты труда","в т.ч. оплаты труда ","возвр. мате-риалов ",null,null,"в т.ч. оплаты труда","возвр. мате-риалов ","обслуживающие маш."]
[null,null,null,null,null,null,null,null,null,null,null,"на един.","всего"]
[1,2,3,4,5,6,7,8,9,10,11,12,13]
[]
["Раздел 1.Замена окон."]
["1","1206-0101-0102 РСНБ РК 2022 Кзтр и Кэм=1,09","Коробки оконные в каменных стенах. Демонтаж с выламыванием четвертей в кладке",15,8014.51,284.55,"--",120218,115949,4268,"--",5.75,86]
[null,null,null,"шт.",7729.96,165,"--",null,null,2475,null,0.06,1]
["2","1110-0501-0108 РСНБ РК 2022 Кзтр и Кэм=1,12 Изм. и доп. вып. 25","Проемы оконные площадью более 2 м². Установка блоков из ПВХ профилей поворотных (откидных, поворотно-откидных)трехстворчатых (в том числе при наличии створок глухого остекления)",27.3,4774.34,485.71,1648.67,130339,72071,13260,45008,1.58,43]
[null,null,null,"м²",2639.96,302.55,"--",null,null,8260,null,0.11,3]
["3","223-102-0610 РСНБ РК 2022","Блок оконный из ПВХ профилей толщиной 70 мм трехстворчатый одинарной конструкции ГОСТ 30674-99 со стеклопакетом двухкамерным,поворотно-откидной фурнитурой: трехэлементный - с одной поворотно-откидной створкой",27.3,37406,"--",37406,1021184,"--","--",1021184,"--","--"]
[null,null,null,"м²","--","--","--",null,null,"--",null,"--","--"]
["4","1206-0101-0302 РСНБ РК 2022 Кзтр и Кэм=1,09","Доски подоконные деревянные в зданиях каменных. Снятие",10.5,2031.38,"--","--",21329,21329,"--","--",1.43,15]
[null,null,null,"м²",2031.38,"--","--",null,null,"--",null,"--","--"]
["5","1110-0501-0401 РСНБ РК 2022 Кзтр и Кэм=1,12 Изм. и доп. вып. 26","Доски подоконные из ПВХ. Установка в стенах каменных глубиной проема (шириной) до 0,50 м",21,1660.12,13.91,1163.6600000000001,34863,10134,292,24437,0.3,6]
[null,null,null,"м",482.55,8.3800000000000008,"--",null,null,176,null,"--","--"]
["6","1208-0101-0401 РСНБ РК 2022 Кзтр и Кэм=1,09","Пояски, сандрики, желоба, отливы, свесы и тому подобное. Разборка",21,184.01,0.05,"--",3864,3863,1,"--",0.14000000000000001,3]
[null,null,null,"м",183.96,"--","--",null,null,"--",null,"--","--"]
["7","1115-0108-1902 РСНБ РК 2022 Кзтр и Кэм=1,06","Отливы оконные наружные из оцинкованной стали с полимерным покрытием шириной 250 мм. Устройство",21,2516.0500000000002,9.68,1548.12,52837,20123,204,32510,0.56999999999999995,12]
[null,null,null,"м",958.25,3.93,"--",null,null,83,null,"--","--"]
["8","1134-0108-0703 РСНБ РК 2022 Кзтр и Кэм=1,12","Откосы. Облицовка неперфорированными плитами из бумажно-слоистого декоративного пластика толщиной 2 мм",15,5977.12,23.4,3852.8,89657,31514,351,57792,1.1499999999999999,17]
[null,null,null,"м² поверхности",2100.92,10.63,"--",null,null,159,null,"--","--"]
["9","1108-0201-0703 РСНБ РК 2022 Кзтр и Кэм=1,12 \nКдем=0,6","Решетки приямков металлические. Разборка",0.375,95505.52,17658.89,"--",35815,29192,6622,"--",45.77,17]
[null,null,null,"т металлических изделий",77846.63,8428.93,"--",null,null,3161,null,2.93,1]
["10","1108-0201-0703 РСНБ РК 2022 Кзтр и Кэм=1,12","Решетки приямков металлические. Установка",0.375,180697.89,25226.99,44261.43,67762,41704,9461,16597,65.38,25]
[null,null,null,"т металлических изделий",111209.47,12041.34,"--",null,null,4516,null,4.18,2]
["11","1212-0103-0207 РСНБ РК 2022 Кзтр и Кэм=1,09","Решетки и ограды металлические ранее окрашенные. Окраска масляными составами за два раза",27.3,1939.88,0.81,120.73,52959,49641,23,3295,1.1100000000000001,30]
[null,null,null,"м²",1818.34,0.46,"--",null,null,13,null,"--","--"]
[null,null,"Итого прямые затраты по разделу 1","тенге",null,null,null,1630827,395520,34482,1200825,null,254]
[null,null,null,"тенге",null,null,null,null,null,18843,null,null,7]
[]
[null,"Стоимость общестроительных работ -",null,"тенге",null,null,null,1630827]
[null,"Материалы -",null,"тенге",null,null,null,179643]
[null,"Всего оплата труда -",null,"тенге",null,null,null,null,414363]
[null,"Стоимость материалов и конструкций -",null,"тенге",null,null,null,1021184]
[null,null,"Накладные расходы -","тенге",null,null,null,334040]
[null,null,"Сметная прибыль -","тенге",null,null,null,157190]
[null,"Всего, стоимость общестроительных работ -",null,"тенге",null,null,null,2122057]
[null,null,"Нормативная трудоемкость -","чел.-ч",null,null,null,null,null,null,null,null,261]
[null,null,"Сметная заработная плата -","тенге",null,null,null,null,414363]
[null,null,"Итого по разделу 1","тенге",null,null,null,2122057]
[null,null,"Нормативная трудоемкость -","чел.-ч",null,null,null,null,null,null,null,null,261]
[null,null,"Сметная заработная плата -","тенге",null,null,null,null,414363]
[]
["Раздел 2.Крыльцо"]
["12","1109-0701-0127 РСНБ РК 2022 Кзтр и Кэм=1,12","Конструкции решетчатые (стойки, опоры, фермы и пр.). Сборка с помощью лебедок ручных (с установкой и снятием их в процессе работы) или вручную (мелких деталей)",9.1660000000000005E-2,389573.92,25970.54,7682.61,35708,32624,2381,703,185.47,17]
[null,null,null,"т конструкций",355920.77,9934.99,"--",null,null,911,null,3.09,"--"]
["13","1201-0101-0401 РСНБ РК 2022 Кзтр и Кэм=1,12","Ямы для установки стоек и столбов. Рытье. Глубина 0,4 м",2,5505.43,"--","--",11011,11011,"--","--",4.0199999999999996,8]
[null,null,null,"яма",5505.43,"--","--",null,null,"--",null,"--","--"]
["14","1109-0302-0201 РСНБ РК 2022 Кзтр и Кэм=1,12","Связи вертикальные в виде ферм для пролетов до 24 м при высоте здания до 25 м. Монтаж",9.1660000000000005E-2,665613.77,33122.75,503252.74,61010,11846,3036,46128,77.430000000000007,7]
[null,null,null,"т конструкций",129238.28,13989.72,"--",null,null,1282,null,4.01,"--"]
["15","1112-0101-1001 РСНБ РК 2022 Кзтр и Кэм=1,12","Покрытия мелкие (брандмауэры, парапеты, свесы и тому подобное) из листовой оцинкованной стали. Устройство",12,5747.12,35.4,3298.99,68965,28953,425,39587,1.5,18]
[null,null,null,"м² покрытия",2412.73,13.05,"--",null,null,157,null,"--","--"]
["16","1109-0401-0201 РСНБ РК 2022 Кзтр и Кэм=1,12","Покрытие кровельное из профилированного листа при высоте здания до 25 м. Монтаж",18,1380.63,401.75,161.15,24851,14719,7232,2900,0.49,9]
[null,null,null,"м² покрытия",817.73,178.5,"--",null,null,3213,null,0.04,1]
["17","1109-0403-0401 РСНБ РК 2022 Кзтр и Кэм=1,12 Изм. и доп. вып. 25","Блоки дверные стальные однопольные. Установка в кирпичных стенах",2,5969.81,129.07,651.09,11940,10379,258,1303,3.11,6]
[null,null,null,"м²",5189.6499999999996,72.72,"--",null,null,145,null,0.02,"--"]
["18","223-207-0101 РСНБ РК 2022","Блок дверной стальной с замкнутой коробкой ГОСТ 31173-2003 утепленный, однопольный",2,55181,"--",55181,110362,"--","--",110362,"--","--"]
[null,null,null,"м²","--","--","--",null,null,"--",null,"--","--"]
["19","1110-0501-0201 РСНБ РК 2022 Кзтр и Кэм=1,12 Изм. и доп. вып. 25","Проемы дверные наружные и внутренние площадью до 3 м² в каменных стенах. Установка блоков из ПВХ профилей",2,3588.02,490.64,904.22,7176,4386,981,1809,1.29,3]
[null,null,null,"м²",2193.16,302.55,"--",null,null,605,null,0.11,"--"]
["20","223-203-0201 РСНБ РК 2022","Блок дверной внутренний из ПВХ профилей глухой, с заполнением панелями или другими непрозрачными материалами ГОСТ 30970-2014 ДПВ 21-7, однопольный",2,47110,"--",47110,94220,"--","--",94220,"--","--"]
[null,null,null,"м²","--","--","--",null,null,"--",null,"--","--"]
["21","1106-0101-0101 РСНБ РК 2022 Кзтр и Кэм=1,12","Подливка бетоном крыльца",1,42282.1,2686.04,36791.72,42282,2804,2686,36792,2.09,2]
[null,null,null,"м³",2804.34,876.75,"--",null,null,877,null,0.3,"--"]
[null,null,"Итого прямые затраты по разделу 2","тенге",null,null,null,467525,116722,16999,333804,null,70]
[null,null,null,"тенге",null,null,null,null,null,7190,null,null,1]
[]
[null,"Стоимость общестроительных работ -",null,"тенге",null,null,null,334016]
[null,"Материалы -",null,"тенге",null,null,null,78188]
[null,"Всего оплата труда -",null,"тенге",null,null,null,null,48793]
[null,"Стоимость материалов и конструкций -",null,"тенге",null,null,null,204582]
[null,null,"Накладные расходы -","тенге",null,null,null,42551]
[null,null,"Сметная прибыль -","тенге",null,null,null,30126]
[null,"Всего, стоимость общестроительных работ -",null,"тенге",null,null,null,406693]
[null,null,"Нормативная трудоемкость -","чел.-ч",null,null,null,null,null,null,null,null,31]
[null,null,"Сметная заработная плата -","тенге",null,null,null,null,48793]
[null,"Стоимость металломонтажных работ -",null,"тенге",null,null,null,133509]
[null,"Материалы -",null,"тенге",null,null,null,51035]
[null,"Всего оплата труда -",null,"тенге",null,null,null,null,75119]
[null,null,"Накладные расходы -","тенге",null,null,null,51833]
[null,null,"Сметная прибыль -","тенге",null,null,null,14827]
[null,"Всего, стоимость металломонтажных работ -",null,"тенге",null,null,null,200169]
[null,null,"Нормативная трудоемкость -","чел.-ч",null,null,null,null,null,null,null,null,40]
[null,null,"Сметная заработная плата -","тенге",null,null,null,null,75119]
[null,null,"Итого по разделу 2","тенге",null,null,null,606862]
[null,null,"Нормативная трудоемкость -","чел.-ч",null,null,null,null,null,null,null,null,71]
[null,null,"Сметная заработная плата -","тенге",null,null,null,null,123912]
[]
["Раздел 3.Фасад"]
["22","1212-0104-0504 РСНБ РК 2022 Кзтр и Кэм=1,09","Фасады простые. Очистка вручную от краски масляной, перхлорвиниловой с земли и лесов",23.75,519.57000000000005,"--","--",12340,12340,"--","--",0.39,9]
[null,null,null,"м²",519.57000000000005,"--","--",null,null,"--",null,"--","--"]
["23","1211-0102-1501 РСНБ РК 2022 Кзтр и Кэм=1,09","Штукатурка фасадов. Ремонт сухой растворной смесью",23.75,2756.54,261.87,610.03,65468,44760,6219,14489,0.86,21]
[null,null,null,"м²",1884.64,244.59,"--",null,null,5809,null,0.1,2]
["24","1211-0102-0701 РСНБ РК 2022 Кзтр и Кэм=1,09","Штукатурка гладких фасадов по дереву. Ремонт известковым раствором с земли и лесов при площади отдельных мест до 5 м². Толщина слоя до 25 мм",17.100000000000001,6140.91,0.37,789.39,105010,91505,6,13499,3.21,55]
[null,null,null,"м²",5351.15,"--","--",null,null,"--",null,"--","--"]
["25","1212-0102-0804 РСНБ РК 2022 Кзтр и Кэм=1,09","Фасады простые. Окраска перхлорвиниловыми красками по подготовленной поверхности за 2 раза с земли и лесов",17.100000000000001,695.1,45.34,334.39,11886,5393,776,5717,0.19,3]
[null,null,null,"м²",315.37,4.71,"--",null,null,81,null,"--","--"]
["26","1115-0109-0502 РСНБ РК 2022 Кзтр и Кэм=1,06","Фасады вентилируемые. Устройство с облицовкой металлосайдингом без теплоизоляционного слоя с лесов",6.65,8099.06,17.350000000000001,5323.28,53859,18344,115,35400,1.56,10]
[null,null,null,"м² поверхности  облицовки",2758.43,5.57,"--",null,null,37,null,"--","--"]
[null,null,"Итого прямые затраты по разделу 3","тенге",null,null,null,248563,172342,7116,69105,null,98]
[null,null,null,"тенге",null,null,null,null,null,5927,null,null,2]
[]
[null,"Стоимость общестроительных работ -",null,"тенге",null,null,null,248563]
[null,"Материалы -",null,"тенге",null,null,null,69105]
[null,"Всего оплата труда -",null,"тенге",null,null,null,null,178269]
[null,null,"Накладные расходы -","тенге",null,null,null,129823]
[null,null,"Сметная прибыль -","тенге",null,null,null,30270]
[null,"Всего, стоимость общестроительных работ -",null,"тенге",null,null,null,408656]
[null,null,"Нормативная трудоемкость -","чел.-ч",null,null,null,null,null,null,null,null,100]
[null,null,"Сметная заработная плата -","тенге",null,null,null,null,178269]
[null,null,"Итого по разделу 3","тенге",null,null,null,408656]
[null,null,"Нормативная трудоемкость -","чел.-ч",null,null,null,null,null,null,null,null,100]
[null,null,"Сметная заработная плата -","тенге",null,null,null,null,178269]
[]
["Раздел 4.Ремонт двух комнат"]
["27","1213-0102-0101 РСНБ РК 2022 Кзтр и Кэм=1,09","Обои обыкновенного качества и улучшенные. Снятие",78.5,236.54,"--","--",18568,18568,"--","--",0.18,14]
[null,null,null,"м² оклеенной  поверхности",236.54,"--","--",null,null,"--",null,"--","--"]
["28","1110-0404-0101 РСНБ РК 2022 Кзтр и Кэм=1,12 Изм. и доп. вып. 25","Стены. Глухие. Обшивка по одинарному металлическому каркасу из ПП-профиля одним слоем гипсокартонных листов",78.5,4044.48,37.86,1854.09,317492,168974,2972,145546,1.22,96]
[null,null,null,"м² стен (за вычетом  проемов)",2152.5300000000002,19.96,"--",null,null,1567,null,0.01,"--"]
["29","1211-0101-0109 РСНБ РК 2022 Кзтр и Кэм=1,09","Штукатурка стен внутри здания. Выравнивание сплошное (однослойная штукатурка) сухой растворной смесью толщиной до 10 мм для последующей окраски или оклейки обоями",78.5,3088.11,83.95,832.8,242417,170452,6590,65375,1.1100000000000001,87]
[null,null,null,"м²",2171.36,74.84,"--",null,null,5875,null,0.03,2]
["30","1115-0405-0103 РСНБ РК 2022 Кзтр и Кэм=1,06","Стены. Окраска поливинилацетатными водоэмульсионными составами улучшенная по штукатурке",78.5,1260.23,12.92,259.22000000000003,98928,77565,1014,20349,0.56999999999999995,45]
[null,null,null,"м² окрашиваемой  поверхности",988.09,7.64,"--",null,null,600,null,"--","--"]
["31","1207-0101-1105 РСНБ РК 2022 Кзтр и Кэм=1,09","Полы. Устройство оснований под покрытие из древесностружечных плит на мастике в один слой. Площадь до 20 м²",32,4816.96,11.94,3748.45,154143,33810,382,119951,0.69,22]
[null,null,null,"м²",1056.57,7.71,"--",null,null,247,null,"--","--"]
["32","1111-0101-3601 РСНБ РК 2022 Кзтр и Кэм=1,06","Покрытия из линолеума. Устройство",32,3872.92,111.32,3214.82,123933,17497,3562,102874,0.35,11]
[null,null,null,"м² покрытия",546.78,59.42,"--",null,null,1901,null,0.02,1]
["33","1115-0108-2001 РСНБ РК 2022 Кзтр и Кэм=1,06","Потолки натяжные одноуровневые. Устройство из поливинилхлоридной пленки (ПВХ)",32,3468.82,10.24,2345.14,111002,35630,328,75044,0.63,20]
[null,null,null,"м²",1113.44,"--","--",null,null,"--",null,"--","--"]
["34","1215-0102-0801 РСНБ РК 2022 Кзтр и Кэм=1,09","Радиатор весом до 80 кг. Демонтаж",5,2388.5300000000002,121.7,"--",11943,11334,608,"--",1.65,8]
[null,null,null,"шт.",2266.83,88.23,"--",null,null,441,null,0.04,"--"]
["35","1118-0301-0101 РСНБ РК 2022 Кзтр и Кэм=1,06","Радиаторы чугунные. Установка",5.6,23673.9,430.34,21463.83,132574,9966,2410,120198,1.03,6]
[null,null,null,"кВт",1779.73,268.68,"--",null,null,1505,null,0.1,1]
["36","241-604-0101 РСНБ РК 2022","Сгон сантехнический латунный с резьбой размерами 15х1/2\", PN 10, прямой",10,1163,"--",1163,11630,"--","--",11630,"--","--"]
[null,null,null,"шт.","--","--","--",null,null,"--",null,"--","--"]
["37","1206-0101-0902 РСНБ РК 2022 Кзтр и Кэм=1,09","Коробки дверные в каменных стенах. Демонтаж с выламыванием четвертей в кладке",1,9953.26,335.15,"--",9953,9618,335,"--",6.76,7]
[null,null,null,"шт.",9618.11,186.84,"--",null,null,187,null,0.06,"--"]
["38","1110-0107-0107 РСНБ РК 2022 Кзтр и Кэм=1,12","Проемы дверные площадью более 3 м² во внутренних стенах и перегородках. Установка блоков на распорных дюбелях",4,2933.33,316.12,472.61,11733,8578,1265,1890,1.31,5]
[null,null,null,"м²",2144.6,180.24,"--",null,null,721,null,0.06,"--"]
["39","223-201-0201 РСНБ РК 2022","Блок дверной внутренний с декоративной облицовкой поливинилхлоридной пленкой СТ РК 943-92 однопольный с глухими полотнами ДГ 21-6П, ДГ 21-7П, ДГ 21-8П",4,14584,"--",14584,58336,"--","--",58336,"--","--"]
[null,null,null,"м²","--","--","--",null,null,"--",null,"--","--"]
["40","1146-0302-0601 РСНБ РК 2022 Кзтр и Кэм=1,12","Стены, полы бетонные. Пробивка борозд площадью сечения до 20 см2",30,1328.79,634.12,"--",39864,20840,19023,"--",0.37,11]
[null,null,null,"м борозд",694.67,353.51,"--",null,null,10605,null,0.12,4]
["41","1217-0101-2201 РСНБ РК 2022 Кзтр и Кэм=1,09","Выключатели, розетки. Смена",7,639.47,"--","--",4476,4476,"--","--",0.36,3]
[null,null,null,"шт.",639.47,"--","--",null,null,"--",null,"--","--"]
["42","247-212-0104 РСНБ РК 2022","Выключатель скрытой проводки ГОСТ 30850.2.1-2002 Двухклавишный, до 250 В, от 4 А до 10 А, IP20",2,412,"--",412,824,"--","--",824,"--","--"]
[null,null,null,"шт.","--","--","--",null,null,"--",null,"--","--"]
["43","247-214-0113 РСНБ РК 2022","Розетка штепсельная Одноместная, для скрытой установки, без заземляющих контактов, без защитных шторок, до 250 В, от 10 А до 16 А, IP20",5,399,"--",399,1995,"--","--",1995,"--","--"]
[null,null,null,"шт.","--","--","--",null,null,"--",null,"--","--"]
["44","1308-0206-1303 РСНБ РК 2022 Кзтр и Кэм=1,09 Изм. и доп. вып. 26","Провод групповой осветительных сетей в защитной оболочке или кабель двух-трехжильный. Прокладка под штукатурку по стенам или в бороздах",30,653.96,6.3,200.49,19619,13415,189,6015,0.24,7]
[null,null,null,"м",447.17,3.43,"--",null,null,103,null,"--","--"]
["45","243-105-0303 РСНБ РК 2022","Кабель силовой число жил 2, напряжение 0,66 кВ ГОСТ 31996-2012, марки ВВГ 2х2,5 (ок)-0,66",3.3000000000000002E-2,377700,"--",377700,12464,"--","--",12464,"--","--"]
[null,null,null,"км","--","--","--",null,null,"--",null,"--","--"]
["46","1308-0305-0303 РСНБ РК 2022 Кзтр и Кэм=1,09 Изм. и доп. вып. 26","Светильник для помещений . Монтаж с подвеской на крюк",4,7206.08,3672.71,1225.01,28824,9233,14691,4900,1.1599999999999999,5]
[null,null,null,"шт.",2308.36,3258.71,"--",null,null,13035,null,1.35,5]
["47","247-102-0108 РСНБ РК 2022","Светильник офисный для светодиодных ламп типа ДВО 4030, мощность 30 Вт, IP 40 СТ РК 2595-2014",4,17046,"--",17046,68184,"--","--",68184,"--","--"]
[null,null,null,"шт.","--","--","--",null,null,"--",null,"--","--"]
["48","1310-0702-0501 РСНБ РК 2022 Кзтр и Кэм=1,09","Коробка ответвительная. Монтаж на стене",7,1482.67,"--",11.56,10379,10298,"--",81,0.75,5]
[null,null,null,"шт.",1471.11,"--","--",null,null,"--",null,"--","--"]
["49","247-202-0105 РСНБ РК 2022","Коробка ответвительная настенная с кабельными вводами размерами 120 мм х 80 мм х 50 мм, IP55",7,2757,"--",2757,19299,"--","--",19299,"--","--"]
[null,null,null,"шт.","--","--","--",null,null,"--",null,"--","--"]
[null,null,"Итого прямые затраты по разделу 4","тенге",null,null,null,1508580,620254,53369,834957,null,352]
[null,null,null,"тенге",null,null,null,null,null,36787,null,null,13]
[]
[null,"Стоимость монтажных работ -",null,"тенге",null,null,null,58822]
[null,"Материалы -",null,"тенге",null,null,null,10996]
[null,"Всего оплата труда -",null,"тенге",null,null,null,null,46084]
[null,null,"Накладные расходы -","тенге",null,null,null,32048]
[null,null,"Сметная прибыль -","тенге",null,null,null,7270]
[null,"Всего, стоимость монтажных работ -",null,"тенге",null,null,null,98140]
[null,null,"Нормативная трудоемкость -","чел.-ч",null,null,null,null,null,null,null,null,22]
[null,null,"Сметная заработная плата -","тенге",null,null,null,null,46084]
[null,"Стоимость общестроительных работ -",null,"тенге",null,null,null,1317184]
[null,"Материалы -",null,"тенге",null,null,null,531028]
[null,"Всего оплата труда -",null,"тенге",null,null,null,null,599486]
[null,"Стоимость материалов и конструкций -",null,"тенге",null,null,null,172732]
[null,null,"Накладные расходы -","тенге",null,null,null,481146]
[null,null,"Сметная прибыль -","тенге",null,null,null,143866]
[null,"Всего, стоимость общестроительных работ -",null,"тенге",null,null,null,1942196]
[null,null,"Нормативная трудоемкость -","чел.-ч",null,null,null,null,null,null,null,null,336]
[null,null,"Сметная заработная плата -","тенге",null,null,null,null,599486]
[null,"Стоимость сантехнических работ -",null,"тенге",null,null,null,132574]
[null,"Материалы -",null,"тенге",null,null,null,120197]
[null,"Всего оплата труда -",null,"тенге",null,null,null,null,11471]
[null,"Сдача и испытание -",null,"тенге",null,null,null,361]
[null,null,"Накладные расходы -","тенге",null,null,null,11242]
[null,null,"Сметная прибыль -","тенге",null,null,null,11505]
[null,"Всего, стоимость сантехнических работ -",null,"тенге",null,null,null,155321]
[null,null,"Нормативная трудоемкость -","чел.-ч",null,null,null,null,null,null,null,null,7]
[null,null,"Сметная заработная плата -","тенге",null,null,null,null,11471]
[null,null,"Итого по разделу 4","тенге",null,null,null,2195657]
[null,null,"Нормативная трудоемкость -","чел.-ч",null,null,null,null,null,null,null,null,365]
[null,null,"Сметная заработная плата -","тенге",null,null,null,null,657041]
[null,null,"Итого прямые затраты по смете:","тенге",null,null,null,3855495,1304838,111966,2438691,null,774]
[null,null,null,"тенге",null,null,null,null,null,68747,null,null,23]
[]
[null,"Стоимость монтажных работ -",null,"тенге",null,null,null,58822]
[null,"Материалы -",null,"тенге",null,null,null,10996]
[null,"Всего оплата труда -",null,"тенге",null,null,null,null,46084]
[null,null,"Накладные расходы -","тенге",null,null,null,32048]
[null,null,"Сметная прибыль -","тенге",null,null,null,7270]
[null,"Всего, стоимость монтажных работ -",null,"тенге",null,null,null,98140]
[null,null,"Нормативная трудоемкость -","чел.-ч",null,null,null,null,null,null,null,null,22]
[null,null,"Сметная заработная плата -","тенге",null,null,null,null,46084]
[null,"Стоимость общестроительных работ -",null,"тенге",null,null,null,3530590]
[null,"Материалы -",null,"тенге",null,null,null,857964]
[null,"Всего оплата труда -",null,"тенге",null,null,null,null,1240911]
[null,"Стоимость материалов и конструкций -",null,"тенге",null,null,null,1398498]
[null,null,"Накладные расходы -","тенге",null,null,null,987560]
[null,null,"Сметная прибыль -","тенге",null,null,null,361452]
[null,"Всего, стоимость общестроительных работ -",null,"тенге",null,null,null,4879602]
[null,null,"Нормативная трудоемкость -","чел.-ч",null,null,null,null,null,null,null,null,728]
[null,null,"Сметная заработная плата -","тенге",null,null,null,null,1240911]
[null,"Стоимость металломонтажных работ -",null,"тенге",null,null,null,133509]
[null,"Материалы -",null,"тенге",null,null,null,51035]
[null,"Всего оплата труда -",null,"тенге",null,null,null,null,75119]
[null,null,"Накладные расходы -","тенге",null,null,null,51833]
[null,null,"Сметная прибыль -","тенге",null,null,null,14827]
[null,"Всего, стоимость металломонтажных работ -",null,"тенге",null,null,null,200169]
[null,null,"Нормативная трудоемкость -","чел.-ч",null,null,null,null,null,null,null,null,40]
[null,null,"Сметная заработная плата -","тенге",null,null,null,null,75119]
[null,"Стоимость сантехнических работ -",null,"тенге",null,null,null,132574]
[null,"Материалы -",null,"тенге",null,null,null,120197]
[null,"Всего оплата труда -",null,"тенге",null,null,null,null,11471]
[null,"Сдача и испытание -",null,"тенге",null,null,null,361]
[null,null,"Накладные расходы -","тенге",null,null,null,11242]
[null,null,"Сметная прибыль -","тенге",null,null,null,11505]
[null,"Всего, стоимость сантехнических работ -",null,"тенге",null,null,null,155321]
[null,null,"Нормативная трудоемкость -","чел.-ч",null,null,null,null,null,null,null,null,7]
[null,null,"Сметная заработная плата -","тенге",null,null,null,null,11471]
[null,null,"Итого по смете:","тенге",null,null,null,5333232]
[null,null,"Нормативная трудоемкость -","чел.-ч",null,null,null,null,null,null,null,null,797]
[null,null,"Сметная заработная плата -","тенге",null,null,null,null,1373585]

{"sheet":"рес","index":2,"n_rows":387,"n_cols":10,"rows_kept":387,"cut":false,"hidden":false,"merged":[[388,0,388,9],[76,0,76,9],[7,3,7,7],[1,3,1,7],[2,6,2,9],[3,0,3,9],[4,6,4,9],[5,3,5,7],[10,9,11,9],[13,0,13,9],[14,0,14,9],[71,0,71,9],[72,0,72,9],[153,0,153,9],[178,0,178,9],[207,0,207,9],[387,0,387,9],[77,0,77,9],[79,0,79,9],[90,0,90,9],[95,0,95,9],[151,0,151,9],[152,0,152,9],[6,3,6,7],[9,0,9,8],[10,0,11,0],[10,1,11,1],[10,2,11,2],[10,3,11,3],[10,4,11,4],[10,5,11,5]]}
[null,null,null,null,null,null,null,null,null,"Форма 4рс АВС-4"]
[null,"Наименование стройки -",null,"Восточно-Казахстанский филиал Акционерного общества \"Национальный центр экспертизы и сертификации\""]
[null,null,null,null,null,"Объект номер -"]
[" РЕСУРСНАЯ  СМЕТА"]
[null,null,null,null,null,"Приложение к смете № ","2-1-1"]
[null,null,"на","Ремонтно-строительные работы."]
[null,"Наименование объекта -",null,"Ремонтно-строительные работы по объекту: СП и МИ г. Алтай Восточно-Казахстанский филиал Акционерного общества \"Национальный центр экспертизы и сертификации"]
[null,"Основание:"]
[]
["Составлен в ценах на 3 КВ. 2022г.",null,null,null,null,null,null,null,null,"тенге"]
["№ п/п","Код ресурса АВС                  и признак","Шифр        ресурса","Наименование ресурсов, оборудования, конструкций, изделий и  деталей","Единица измерения","Количество единиц","Сметная            цена                    на единицу","Отпускная           цена                  на единицу","Транспортные расходы                на единицу","Стоимость (Всего)"]
[null,null,null,null,null,null,"обоснование","обоснование","всего"]
[1,2,3,4,5,6,7,8,9,10]
[]
["ЗАТРАТЫ ТРУДА ПО СПЕЦИАЛЬНОСТЯМ"]
["1","20541Т","009-0141\nРСНБ РК 2022","Затраты труда рабочих (средний разряд работы 4,1). Работы по ремонту зданий и сооружений","чел.-ч",87.142849999999996,1956,"-","-",170451]
[null,null,null,null,null,null,"--","--","-"]
["2","20097Т","002-0135\nРСНБ РК 2022","Затраты труда рабочих (средний разряд работы 3,5). Работы по устройству несущих и ограждающих конструкций","чел.-ч",95.793549999999996,1764,"-","-",168980]
[null,null,null,null,null,null,"--","--","-"]
["3","20520Т","009-0120\nРСНБ РК 2022","Затраты труда рабочих (средний разряд работы 2). Работы по ремонту зданий и сооружений","чел.-ч",112.14515,1344,"-","-",150723]
[null,null,null,null,null,null,"--","--","-"]
["4","20094Т","002-0132\nРСНБ РК 2022","Затраты труда рабочих (средний разряд работы 3,2). Работы по устройству несущих и ограждающих конструкций","чел.-ч",65.319595440000001,1669,"-","-",109018]
[null,null,null,null,null,null,"--","--","-"]
["5","20532Т","009-0132\nРСНБ РК 2022","Затраты труда рабочих (средний разряд работы 3,2). Работы по ремонту зданий и сооружений","чел.-ч",54.82602,1669,"-","-",91505]
[null,null,null,null,null,null,"--","--","-"]
["6","20167Т","003-0134\nРСНБ РК 2022","Затраты труда рабочих (средний разряд работы 3,4). Работы отделочные и изоляционные","чел.-ч",44.78425,1732,"-","-",77566]
[null,null,null,null,null,null,"--","--","-"]
["7","20095Т","002-0133\nРСНБ РК 2022","Затраты труда рабочих (средний разряд работы 3,3). Работы по устройству несущих и ограждающих конструкций","чел.-ч",44.257637500000001,1701,"-","-",75282]
[null,null,null,null,null,null,"--","--","-"]
["8","20531Т","009-0131\nРСНБ РК 2022","Затраты труда рабочих (средний разряд работы 3,1). Работы по ремонту зданий и сооружений","чел.-ч",33.597479999999997,1638,"-","-",55033]
[null,null,null,null,null,null,"--","--","-"]
["9","20168Т","003-0135\nРСНБ РК 2022","Затраты труда рабочих (средний разряд работы 3,5). Работы отделочные и изоляционные","чел.-ч",30.597004999999999,1764,"-","-",53973]
[null,null,null,null,null,null,"--","--","-"]
["10","20547Т","009-0147\nРСНБ РК 2022","Затраты труда рабочих (средний разряд работы 4,7). Работы по ремонту зданий и сооружений","чел.-ч",20.541374999999999,2179,"-","-",44760]
[null,null,null,null,null,null,"--","--","-"]
["11","20527Т","009-0127\nРСНБ РК 2022","Затраты труда рабочих (средний разряд работы 2,7). Работы по ремонту зданий и сооружений","чел.-ч",22.169599999999999,1525,"-","-",33809]
[null,null,null,null,null,null,"--","--","-"]
["12","20102Т","002-0140\nРСНБ РК 2022","Затраты труда рабочих (средний разряд работы 4). Работы по устройству несущих и ограждающих конструкций","чел.-ч",17.000363520000001,1919,"-","-",32624]
[null,null,null,null,null,null,"--","--","-"]
["13","20312Т","005-0137\nРСНБ РК 2022","Затраты труда рабочих (средний разряд работы 3,7). Специальные строительные и монтажные работы по устройству линейных сооружений","чел.-ч",17.2485,1827,"-","-",31513]
[null,null,null,null,null,null,"--","--","-"]
["14","20523Т","009-0123\nРСНБ РК 2022","Затраты труда рабочих (средний разряд работы 2,3). Работы по ремонту зданий и сооружений","чел.-ч",21.76305,1422,"-","-",30947]
[null,null,null,null,null,null,"--","--","-"]
["15","20163Т","003-0130\nРСНБ РК 2022","Затраты труда рабочих (средний разряд работы 3). Работы отделочные и изоляционные","чел.-ч",18.0276,1606,"-","-",28952]
[null,null,null,null,null,null,"--","--","-"]
["16","20521Т","009-0121\nРСНБ РК 2022","Затраты труда рабочих (средний разряд работы 2,1). Работы по ремонту зданий и сооружений","чел.-ч",16.310199999999998,1370,"-","-",22345]
[null,null,null,null,null,null,"--","--","-"]
["17","20384Т","006-0138\nРСНБ РК 2022","Затраты труда рабочих (средний разряд работы 3,8). Специальные работы в грунтах, работы по устройству конструкций башенного и мачтового типа, промышленных печей и труб","чел.-ч",11.217000000000001,1858,"-","-",20841]
[null,null,null,null,null,null,"--","--","-"]
["18","20165Т","003-0132\nРСНБ РК 2022","Затраты труда рабочих (средний разряд работы 3,2). Работы отделочные и изоляционные","чел.-ч",12.056100000000001,1669,"-","-",20122]
[null,null,null,null,null,null,"--","--","-"]
["19","20161Т","003-0128\nРСНБ РК 2022","Затраты труда рабочих (средний разряд работы 2,8). Работы отделочные и изоляционные","чел.-ч",11.28,1551,"-","-",17495]
[null,null,null,null,null,null,"--","--","-"]
["20","20242Т","004-0138\nРСНБ РК 2022","Затраты труда рабочих (средний разряд работы 3,8). Работы по устройству внутренних и наружных инженерных систем","чел.-ч",7.2210000000000001,1858,"-","-",13417]
[null,null,null,null,null,null,"--","--","-"]
["21","20458Т","007-0141\nРСНБ РК 2022","Затраты труда рабочих (средний разряд работы 4,1). Работы по монтажу оборудования","чел.-ч",5.2647000000000004,1956,"-","-",10298]
[null,null,null,null,null,null,"--","--","-"]
["22","20092Т","002-0130\nРСНБ РК 2022","Затраты труда рабочих (средний разряд работы 3). Работы по устройству несущих и ограждающих конструкций","чел.-ч",6.3105000000000002,1606,"-","-",10135]
[null,null,null,null,null,null,"--","--","-"]
["23","20238Т","004-0134\nРСНБ РК 2022","Затраты труда рабочих (средний разряд работы 3,4). Работы по устройству внутренних и наружных инженерных систем","чел.-ч",5.7545599999999997,1732,"-","-",9967]
[null,null,null,null,null,null,"--","--","-"]
["24","20246Т","004-0142\nРСНБ РК 2022","Затраты труда рабочих (средний разряд работы 4,2). Работы по устройству внутренних и наружных инженерных систем","чел.-ч",4.6327999999999996,1993,"-","-",9233]
[null,null,null,null,null,null,"--","--","-"]
["25","20093Т","002-0131\nРСНБ РК 2022","Затраты труда рабочих (средний разряд работы 3,1). Работы по устройству несущих и ограждающих конструкций","чел.-ч",5.2371999999999996,1638,"-","-",8579]
[null,null,null,null,null,null,"--","--","-"]
["26","20535Т","009-0135\nРСНБ РК 2022","Затраты труда рабочих (средний разряд работы 3,5). Работы по ремонту зданий и сооружений","чел.-ч",2.5375000000000001,1764,"-","-",4476]
[null,null,null,null,null,null,"--","--","-"]
["27","20082Т","002-0120\nРСНБ РК 2022","Затраты труда рабочих (средний разряд работы 2). Работы по устройству несущих и ограждающих конструкций","чел.-ч",2.0865999999999998,1344,"-","-",2804]
[null,null,null,null,null,null,"--","--","-"]
[null,null,null,"Всего затраты труда по специальностям","тенге",null,null,null,"--",1304847]
[null,null,null,"Затраты труда рабочих","чел.-ч",775.12220000000002]
[]
["ТРУДОВЫЕ РЕСУРСЫ"]
["28","3","099-0100\nРСНБ РК 2022","Затраты труда машинистов","чел-ч",25.252380980000002,2722.29,"-","-","(68744)"]
[null,null,null,null,null,null,"--","--","-"]
[null,null,null,"Всего трудовые ресурсы","тенге",null,null,null,"--",1304840]
[]
["СТРОИТЕЛЬНЫЕ МАШИНЫ И МЕХАНИЗМЫ"]
[null,null,null,null,null,null,"Эксплуатация машин",null,"Зарплата машинистов"]
["СТРОИТЕЛЬНЫЕ МАШИНЫ И МЕХАНИЗМЫ (ЗАТРАТ 73,9505% ПРИ ПОРОГЕ 80%)"]
["29","2509С","331-101-0101\nРСНБ РК 2022","Автомобили бортовые грузоподъёмностью до 5 т","маш.-ч",5.2305703799999996,4010,"-",1919,20975]
[null,null,null,null,null,null,"--","--",10037.459999999999]
["30","2474С","315-102-0102\nРСНБ РК 2022","Компрессоры передвижные с двигателем внутреннего сгорания давлением до 686 кПа (7 атм), производительность 5 м³/мин","маш.-ч",4.4652795000000003,4074,"-",1919,18192]
[null,null,null,null,null,null,"--","--",8568.8700000000008]
["31","1488С","314-504-0201\nРСНБ РК 2022","Подъемники гидравлические высотой подъема до 10 м","маш.-ч",5.3824199999999998,1903,"-",1606,10243]
[null,null,null,null,null,null,"--","--",8644.17]
["32","698С","314-101-0103\nРСНБ РК 2022","Краны башенные максимальной грузоподъёмностью 8 т, высота подъема до 41,5 м, максимальный вылет стрелы до 55 м","маш.-ч",1.0817099999999999,7839,"-",1919,8480]
[null,null,null,null,null,null,"--","--",2075.8000000000002]
["33","1569С","314-504-0501\nРСНБ РК 2022","Подъемники мачтовые высотой подъема 50 м","маш.-ч",3.16011993,2520,"-",1606,7964]
[null,null,null,null,null,null,"--","--",5075.1499999999996]
["СТРОИТЕЛЬНЫЕ МАШИНЫ И МЕХАНИЗМЫ (ЗАТРАТ 13,5049% ПРИ ПОРОГЕ 15%)"]
["34","3022С","313-101-0602\nРСНБ РК 2022","Растворосмесители передвижные, до 250 л","маш.-ч",4.0382864999999999,1701,"-",1606,6869]
[null,null,null,null,null,null,"--","--",6485.49]
["35","787С","314-104-0103\nРСНБ РК 2022","Краны на гусеничном ходу максимальной грузоподъёмностью 40 т","маш.-ч",0.63806399999999996,8082,"-",2742,5157]
[null,null,null,null,null,null,"--","--",1749.57]
["СТРОИТЕЛЬНЫЕ МАШИНЫ И МЕХАНИЗМЫ (ЗАТРАТ 12,5445% ПРИ ПОРОГЕ 5%)"]
["36","2468С","314-102-0101\nРСНБ РК 2022","Краны на автомобильном ходу максимальной грузоподъёмностью 10 т","маш.-ч",0.65974785999999996,6503,"-",2742,4290]
[null,null,null,null,null,null,"--","--",1809.03]
["37","786С","314-104-0102\nРСНБ РК 2022","Краны на гусеничном ходу максимальной грузоподъёмностью 25 т","маш.-ч",0.30489781999999999,7089,"-",2294,2161]
[null,null,null,null,null,null,"--","--",699.44]
["38","2016С","315-103-0501\nРСНБ РК 2022","Установки постоянного тока для ручной дуговой сварки","маш.-ч",4.66586064,191,"-","-",891]
[null,null,null,null,null,null,"--","--","-"]
["39","2485С","343-401-0201\nРСНБ РК 2022","Молотки отбойные пневматические при работе от передвижных компрессорных станций","маш.-ч",8.9303954999999995,65,"-","-",580]
[null,null,null,null,null,null,"--","--","-"]
["40","766С","314-102-0302\nРСНБ РК 2022","Краны на автомобильном ходу при работе на монтаже технологического оборудования максимальной грузоподъёмностью 10 т","маш.-ч",7.6994400000000005E-2,6725,"-",2742,518]
[null,null,null,null,null,null,"--","--",211.12]
["41","2517С","313-402-0201\nРСНБ РК 2022","Агрегаты окрасочные с пневматическим распылением для окраски фасадов","маш.-ч",3.3717950999999999,133,"-","-",448]
[null,null,null,null,null,null,"--","--","-"]
["42","2510С","331-101-0102\nРСНБ РК 2022","Автомобили бортовые грузоподъёмностью до 8 т","маш.-ч",7.6994400000000005E-2,4745,"-",1919,365]
[null,null,null,null,null,null,"--","--",147.75]
["43","1023С","314-102-0104\nРСНБ РК 2022","Краны на автомобильном ходу максимальной грузоподъёмностью 25 т","маш.-ч",2.3530209999999999E-2,13599,"-",3276,320]
[null,null,null,null,null,null,"--","--",77.08]
["44","3424С","343-501-0401\nРСНБ РК 2022","Обогреватель воздуха прямого нагрева производительность 1000 м³/час (тепловая пушка)","маш.-ч",0.55967999999999996,509,"-","-",285]
[null,null,null,null,null,null,"--","--","-"]
["45","1567С","341-304-0101\nРСНБ РК 2022","Пресс-ножницы комбинированные","маш.-ч",0.12935058999999999,2068,"-",1919,268]
[null,null,null,null,null,null,"--","--",248.22]
["46","2875С","343-302-0101\nРСНБ РК 2022","Перфоратор электрический","маш.-ч",12.7932924,15,"-","-",192]
[null,null,null,null,null,null,"--","--","-"]
["47","664С","315-102-0201\nРСНБ РК 2022","Компрессоры передвижные с электродвигателем давлением 600 кПа (6 атм), производительность 0,5 м³/мин","маш.-ч",1.68589755,111,"-","-",187]
[null,null,null,null,null,null,"--","--","-"]
["48","2216С","343-302-0301\nРСНБ РК 2022","Шуруповерты строительно-монтажные","маш.-ч",12.3645312,15,"-","-",185]
[null,null,null,null,null,null,"--","--","-"]
["49","521С","343-302-0201\nРСНБ РК 2022","Дрели электрические","маш.-ч",12.14910499,12,"-","-",146]
[null,null,null,null,null,null,"--","--","-"]
["50","3008С","343-501-0101\nРСНБ РК 2022","Пылесосы промышленные","маш.-ч",1.1397120000000001,99,"-","-",113]
[null,null,null,null,null,null,"--","--","-"]
["51","2577С","315-202-0501\nРСНБ РК 2022","Аппарат для газовой сварки и резки","маш.-ч",0.83448825999999998,70,"-","-",58]
[null,null,null,null,null,null,"--","--","-"]
["52","2698С","343-101-0101\nРСНБ РК 2022","Ножницы электрические","маш.-ч",0.67244099999999996,66,"-","-",44]
[null,null,null,null,null,null,"--","--","-"]
["53","1146С","343-202-0201\nРСНБ РК 2022","Машины шлифовальные угловые","маш.-ч",0.82334399999999996,26,"-","-",21]
[null,null,null,null,null,null,"--","--","-"]
["54","376С","315-103-0101\nРСНБ РК 2022","Выпрямители сварочные однопостовые с номинальным сварочным током 315-500 А","маш.-ч",5.9163220000000002E-2,308,"-","-",18]
[null,null,null,null,null,null,"--","--","-"]
["55","1198С","314-502-0304\nРСНБ РК 2022","Лебедки электрические тяговым усилием свыше 19,62 до 31,39 кН (3,2 т)","маш.-ч",0.21096466,83,"-","-",18]
[null,null,null,null,null,null,"--","--","-"]
["56","2480С","313-302-0202\nРСНБ РК 2022","Вибратор поверхностный","маш.-ч",0.80640000000000001,18,"-","-",15]
[null,null,null,null,null,null,"--","--","-"]
["57","3428С","313-401-0302\nРСНБ РК 2022","Электромиксер строительный ручной, мощность до 1400 Вт, число оборотов до 810 об/мин","маш.-ч",0.50880000000000003,25,"-","-",13]
[null,null,null,null,null,null,"--","--","-"]
["58","2816С","343-204-0101\nРСНБ РК 2022","Фреза столярная","маш.-ч",0.13439999999999999,82,"-","-",11]
[null,null,null,null,null,null,"--","--","-"]
["59","1044С","314-502-0301\nРСНБ РК 2022","Лебедки электрические тяговым усилием до 5,79 кН (0,59 т)","маш.-ч",0.31239945000000002,26,"-","-",8]
[null,null,null,null,null,null,"--","--","-"]
["60","514С","314-501-0105\nРСНБ РК 2022","Домкраты гидравлические грузоподъёмностью свыше 63 до 100 т","маш.-ч",0.26611200000000002,25,"-","-",7]
[null,null,null,null,null,null,"--","--","-"]
["61","1147С","343-202-0101\nРСНБ РК 2022","Машины шлифовальные электрические","маш.-ч",0.16938768000000001,37,"-","-",6]
[null,null,null,null,null,null,"--","--","-"]
["62","2346С","315-103-0701\nРСНБ РК 2022","Электрические печи для сушки сварочных материалов с регулированием температуры в пределах 80-500°С","маш.-ч",6.0480000000000004E-3,170,"-","-",1]
[null,null,null,null,null,null,"--","--","-"]
[null,null,null,"Всего строительные машины и механизмы","тенге",null,null,null,45829,89049]
[]
["СТРОИТЕЛЬНЫЕ МАТЕРИАЛЫ И КОНСТРУКЦИИ"]
["СТРОИТЕЛЬНЫЕ МАТЕРИАЛЫ И КОНСТРУКЦИИ (ЗАТРАТ 79,2435% ПРИ ПОРОГЕ 80%)"]
["63","133891С","223-102-0610\nРСНБ РК 2022","Блок оконный из ПВХ профилей толщиной 70 мм трехстворчатый одинарной конструкции ГОСТ 30674-99 со стеклопакетом двухкамерным, поворотно-откидной фурнитурой: трехэлементный - с одной поворотно-откидной створкой","м²",27.3,37406,36561,"-",1021184]
[null,null,null,null,null,null,"--","--","-"]
["64","261296С","245-101-0106\nРСНБ РК 2022","Радиатор отопления чугунный ГОСТ 31311-2005 МС-90, высотой полной 588 мм, высотой монтажной 500 мм","кВт",5.6,21230,20731,"-",118888]
[null,null,null,null,null,null,"--","--","-"]
["65","287747С","223-207-0101\nРСНБ РК 2022","Блок дверной стальной с замкнутой коробкой ГОСТ 31173-2003 утепленный, однопольный","м²",2,55181,51270,"-",110362]
[null,null,null,null,null,null,"--","--","-"]
["66","149999С","233-101-0111\nРСНБ РК 2022","Линолеум поливинилхлоридный ГОСТ 7251-77 на теплоизолирующей подоснове","м²",33.28,2963,2899,"-",98609]
[null,null,null,null,null,null,"--","--","-"]
["67","133932С","223-203-0201\nРСНБ РК 2022","Блок дверной внутренний из ПВХ профилей глухой, с заполнением панелями или другими непрозрачными материалами ГОСТ 30970-2014 ДПВ 21-7, однопольный","м²",2,47110,46172,"-",94220]
[null,null,null,null,null,null,"--","--","-"]
["68","132745С","215-303-0101\nРСНБ РК 2022","Плита ДСП многослойная и трехслойная, марки П-1 ГОСТ 10632-2007 толщиной 15-17 мм","100 м²",0.32640000000000002,268527,261669,"-",87647]
[null,null,null,null,null,null,"--","--","-"]
["69","295954С","261-201-0204\nРСНБ РК 2022","Натяжной потолок в комплекте (полотно, профиль-багет, кольцо протекторное, заглушка ПВХ)","м²",31.36,2393,"-","-",75044]
[null,null,null,null,null,null,"--","--","-"]
["70","149726С","232-501-0101\nРСНБ РК 2022","Смесь сухая шпатлевочная на клеевой основе СТ РК 1168-2006","кг",884.22500000000002,84,80,"-",74275]
[null,null,null,null,null,null,"--","--","-"]
["71","283769С","247-102-0108\nРСНБ РК 2022","Светильник офисный для светодиодных ламп типа ДВО 4030, мощность 30 Вт, IP 40 СТ РК 2595-2014","шт.",4,17046,16700,"-",68184]
[null,null,null,null,null,null,"--","--","-"]
["72","135963С","261-105-0654\nРСНБ РК 2022","Пена монтажная для герметизации стыков в баллончике емкостью 750 мл","шт.",33.048999999999999,1957,1917,"-",64677]
[null,null,null,null,null,null,"--","--","-"]
["73","149136С","232-101-0102\nРСНБ РК 2022","Лист гипсокартонный обычный ГКЛ СТ РК EN 520-2012 толщиной 12,5 мм","м²",82.424999999999997,741,698,"-",61077]
[null,null,null,null,null,null,"--","--","-"]
["74","282002С","223-201-0201\nРСНБ РК 2022","Блок дверной внутренний с декоративной облицовкой поливинилхлоридной пленкой СТ РК 943-92 однопольный с глухими полотнами ДГ 21-6П, ДГ 21-7П, ДГ 21-8П","м²",4,14584,14276,"-",58336]
[null,null,null,null,null,null,"--","--","-"]
["СТРОИТЕЛЬНЫЕ МАТЕРИАЛЫ И КОНСТРУКЦИИ (ЗАТРАТ 15,8732% ПРИ ПОРОГЕ 15%)"]
["75","147807С","261-107-0846\nРСНБ РК 2022","Пластики бумажнослоистые с одной декоративной стороной, толщина 2 мм","1000 м²",1.545E-2,3715098,3633937,"-",57398]
[null,null,null,null,null,null,"--","--","-"]
["76","288033С","222-529-0201\nРСНБ РК 2022","Профиль потолочный ПП для гипсокартона, оцинкованный СТ РК 2621-2015 размерами 60 мм х 27 мм, толщиной стали от 0,4 до 0,45 мм","м",164.89709999999999,306,283,"-",50459]
[null,null,null,null,null,null,"--","--","-"]
["77","295605С","261-102-0322\nРСНБ РК 2022","Конструкции стальные","т",9.1660000000000005E-2,500000,"-","-",45830]
[null,null,null,null,null,null,"--","--","-"]
["78","279796С","214-105-0102\nРСНБ РК 2022","Прокат листовой оцинкованный углеродистый ГОСТ 14918-80 толщиной от 0,5 до 0,75 мм","т",6.8400000000000002E-2,572707,559587,"-",39173]
[null,null,null,null,null,null,"--","--","-"]
["79","100463С","212-101-0101\nРСНБ РК 2022","Бетон тяжелый класса В3,5 ГОСТ 7473-2010 без добавок","м³",1.02,33833,16283,"-",34510]
[null,null,null,null,null,null,"--","--","-"]
["80","295742С","261-105-0402\nРСНБ РК 2022","Мастика клеящая ГОСТ 24064-80 каучуковая КН-2","кг",42.56,759,742,"-",32303]
[null,null,null,null,null,null,"--","--","-"]
["81","295950С","261-201-0115\nРСНБ РК 2022","Металлосайдинг","м²",7.3150000000000004,3250,"-","-",23774]
[null,null,null,null,null,null,"--","--","-"]
["82","271422С","247-202-0105\nРСНБ РК 2022","Коробка ответвительная настенная с кабельными вводами размерами 120 мм х 80 мм х 50 мм, IP55","шт.",7,2757,2703,"-",19299]
[null,null,null,null,null,null,"--","--","-"]
["83","147770С","261-107-0815\nРСНБ РК 2022","Водоотлив оконный шириной планки 250 мм из оцинкованной стали с полимерным покрытием","м",22.05,865,846,"-",19073]
[null,null,null,null,null,null,"--","--","-"]
["84","149589С","236-202-0301\nРСНБ РК 2022","Краска водоэмульсионная СТ РК ГОСТ Р 52020-2007","т",4.9454999999999999E-2,313969,304713,"-",15527]
[null,null,null,null,null,null,"--","--","-"]
["85","102685С","212-402-0105\nРСНБ РК 2022","Раствор отделочный ГОСТ 28013-98 тяжелый известковый 1:2,5","м³",0.4788,26885,22469,"-",12873]
[null,null,null,null,null,null,"--","--","-"]
["86","190588С","243-105-0303\nРСНБ РК 2022","Кабель силовой число жил 2, напряжение 0,66 кВ ГОСТ 31996-2012, марки ВВГ 2х2,5 (ок)-0,66","км",3.3000000000000002E-2,377700,370015,"-",12464]
[null,null,null,null,null,null,"--","--","-"]
["87","288012С","222-529-0101\nРСНБ РК 2022","Профиль направляющий ПН для гипсокартона, оцинкованный СТ РК 2621-2015 размерами 28 мм х 27 мм, толщиной стали от 0,4 до 0,45 мм","м",61.0259,201,187,"-",12266]
[null,null,null,null,null,null,"--","--","-"]
["88","131308С","222-529-0501\nРСНБ РК 2022","Профиль направляющий Г-образный из оцинкованной стали КПГ размерами 40 мм х 40 мм","м",22.05,551,511,"-",12150]
[null,null,null,null,null,null,"--","--","-"]
["СТРОИТЕЛЬНЫЕ МАТЕРИАЛЫ И КОНСТРУКЦИИ (ЗАТРАТ 4,8833% ПРИ ПОРОГЕ 5%)"]
["89","275081С","241-604-0101\nРСНБ РК 2022","Сгон сантехнический латунный с резьбой размерами 15х1/2\", PN 10, прямой","шт.",10,1163,1140,"-",11630]
[null,null,null,null,null,null,"--","--","-"]
["90","102671С","212-402-0103\nРСНБ РК 2022","Раствор отделочный ГОСТ 28013-98 тяжелый цементный 1:3","м³",0.28125,27481,23055,"-",7729]
[null,null,null,null,null,null,"--","--","-"]
["91","127727С","261-102-0126\nРСНБ РК 2022","Поковки из квадратных заготовок ГОСТ 8479-70","т",2.2499999999999999E-2,286428,278921,"-",6445]
[null,null,null,null,null,null,"--","--","-"]
["92","249431С","261-201-0330\nРСНБ РК 2022","Краска перхлорвиниловая фасадная ХВ-161, марка А,Б","кг",9.1997999999999998,605,590,"-",5566]
[null,null,null,null,null,null,"--","--","-"]
["93","131489С","261-102-0380\nРСНБ РК 2022","Профили алюминиевые холодногнутые для ограждающих строительных конструкций СА16-122-0.6П","м",14.63,355,347,"-",5194]
[null,null,null,null,null,null,"--","--","-"]
["94","249186С","261-107-0506\nРСНБ РК 2022","Лента бутиловая","м",77.108999999999995,67,66,"-",5166]
[null,null,null,null,null,null,"--","--","-"]
["95","149908С","232-504-0201\nРСНБ РК 2022","Смесь сухая для затирки швов гипсокартонных листов СТ РК 1168-2006","кг",36.337649999999996,132,128,"-",4797]
[null,null,null,null,null,null,"--","--","-"]
["96","249453С","261-201-0342\nРСНБ РК 2022","Шпатлевка клеевая ГОСТ 10277-90","кг",40.034999999999997,116,112,"-",4644]
[null,null,null,null,null,null,"--","--","-"]
["97","147763С","261-107-0808\nРСНБ РК 2022","Хомутик","шт.",4.08,1133,1108,"-",4623]
[null,null,null,null,null,null,"--","--","-"]
["98","131379С","222-530-0101\nРСНБ РК 2022","Подвес прямой для ПП-профиля размерами 60 мм х 27 мм","шт.",93.556299999999993,49,46,"-",4584]
[null,null,null,null,null,null,"--","--","-"]
["99","131450С","222-531-0101\nРСНБ РК 2022","Соединитель одноуровневый для ПП-профиля размерами 60 мм х 27 мм","шт.",33.8626,104,97,"-",3522]
[null,null,null,null,null,null,"--","--","-"]
["100","149649С","261-201-0392\nРСНБ РК 2022","Латекс синтетический СКС-65 ГП ГОСТ 10564-75","кг",2.375,1479,1448,"-",3513]
[null,null,null,null,null,null,"--","--","-"]
["101","304171С","236-104-0501\nРСНБ РК 2022","Клей под покрытия полов водно-дисперсионный для линолеума","кг",6.24,523,511,"-",3264]
[null,null,null,null,null,null,"--","--","-"]
["102","309287С","232-101-0602\nРСНБ РК 2022","Лента уплотнительная самоклеящаяся","м",70.885499999999993,46,45,"-",3261]
[null,null,null,null,null,null,"--","--","-"]
["103","280106С","236-101-0116\nРСНБ РК 2022","Грунтовка водно-дисперсионная акриловая глубокого проникновения для внутренних и наружных работ СТ РК ГОСТ Р 52020-2007","кг",12.000999999999999,262,254,"-",3144]
[null,null,null,null,null,null,"--","--","-"]
["104","147162С","261-107-0488\nРСНБ РК 2022","Лента бутиловая диффузионная","м",16.966999999999999,149,146,"-",2528]
[null,null,null,null,null,null,"--","--","-"]
["105","241448С","261-404-0209\nРСНБ РК 2022","Скобы двухлапковые ГОСТ Р 51177-2017","10 шт.",8.4,300,294,"-",2520]
[null,null,null,null,null,null,"--","--","-"]
["106","249504С","261-201-0351\nРСНБ РК 2022","Лак битумный БТ-123 ГОСТ Р 52165-2003","кг",1.875,1293,1264,"-",2424]
[null,null,null,null,null,null,"--","--","-"]
["107","290060С","217-106-0102\nРСНБ РК 2022","Шуруп ГОСТ 1147-80 кровельный с резиновой прокладкой оцинкованный","кг",2.0748000000000002,1119,1095,"-",2322]
[null,null,null,null,null,null,"--","--","-"]
["108","147049С","261-107-0433\nРСНБ РК 2022","Ткань мешочная ГОСТ 30090-93","10 м²",0.25,9128,8940,"-",2282]
[null,null,null,null,null,null,"--","--","-"]
["109","242706С","261-404-0464\nРСНБ РК 2022","Полоска для крепления проводов ГОСТ Р 51177-2017","100 шт.",0.9,2350,2302,"-",2115]
[null,null,null,null,null,null,"--","--","-"]
["110","286158С","217-106-0103\nРСНБ РК 2022","Шуруп ГОСТ 1147-80 для крепления гипсокартона и деревянных изделий","кг",1.6328,1282,1255,"-",2093]
[null,null,null,null,null,null,"--","--","-"]
["111","275815С","247-214-0113\nРСНБ РК 2022","Розетка штепсельная Одноместная, для скрытой установки, без заземляющих контактов, без защитных шторок, до 250 В, от 10 А до 16 А, IP20","шт.",5,399,391,"-",1995]
[null,null,null,null,null,null,"--","--","-"]
["112","131019С","222-525-0102\nРСНБ РК 2022","Отдельные конструктивные элементы зданий и сооружений с преобладанием горячекатаных профилей средняя масса сборочной единицы от 0,1 до 0,5 т","т",1.9891700000000002E-3,965674,896411,"-",1921]
[null,null,null,null,null,null,"--","--","-"]
["113","149394С","261-201-0371\nРСНБ РК 2022","Олифа натуральная ГОСТ 32389-2013","кг",1.8564000000000001,986,964,"-",1830]
[null,null,null,null,null,null,"--","--","-"]
["114","146059С","261-107-0235\nРСНБ РК 2022","Кронштейн крепежный из оцинкованной стали для навесных фасадов типа КК-180х50 мм толщиной стенки 1,2 мм /Г-образный/","шт.",17.29,96,93,"-",1660]
[null,null,null,null,null,null,"--","--","-"]
["115","278579С","236-202-1014\nРСНБ РК 2022","Краска масляная МА-15 ГОСТ 10503-71","кг",3.0849000000000002,474,462,"-",1462]
[null,null,null,null,null,null,"--","--","-"]
["116","309286С","232-101-0601\nРСНБ РК 2022","Лента разделительная для сопряжения потолка и стен","м",26.423100000000002,55,54,"-",1453]
[null,null,null,null,null,null,"--","--","-"]
["117","147780С","261-107-0824\nРСНБ РК 2022","Клинья пластиковые монтажные","шт.",84,14,12,"-",1176]
[null,null,null,null,null,null,"--","--","-"]
["118","135878С","261-105-0601\nРСНБ РК 2022","Герметик силиконовый, 310 мл","шт.",0.90300000000000002,1253,1228,"-",1131]
[null,null,null,null,null,null,"--","--","-"]
["119","145787С","261-107-0225\nРСНБ РК 2022","Дюбели монтажные 10 мм х 130 мм (10х132, 10х150) мм ГОСТ 28456-90","шт.",33.25,34,33,"-",1130]
[null,null,null,null,null,null,"--","--","-"]
["120","309288С","232-101-0603\nРСНБ РК 2022","Лента армирующая бумажная","м",83.249250000000004,11,11,"-",916]
[null,null,null,null,null,null,"--","--","-"]
["121","275795С","247-212-0104\nРСНБ РК 2022","Выключатель скрытой проводки ГОСТ 30850.2.1-2002 Двухклавишный, до 250 В, от 4 А до 10 А, IP20","шт.",2,412,403,"-",824]
[null,null,null,null,null,null,"--","--","-"]
["122","147019С","261-201-0604\nРСНБ РК 2022","Бумага шлифовальная ГОСТ 6456-82","кг",1.9624999999999999,398,388,"-",781]
[null,null,null,null,null,null,"--","--","-"]
["123","280187С","241-703-0401\nРСНБ РК 2022","Прокладка паронитовая ГОСТ 481-80 ПОН 0,4-1,5","кг",0.48411999999999999,1191,1165,"-",577]
[null,null,null,null,null,null,"--","--","-"]
["124","145664С","261-107-0221\nРСНБ РК 2022","Дюбели металлические с калиброванной головкой с цинковым хроматированным покрытием размерами 3 мм х 68,5 мм ГОСТ 28456-90","кг",0.35392000000000001,1608,1574,"-",569]
[null,null,null,null,null,null,"--","--","-"]
["125","131797С","261-103-0128\nРСНБ РК 2022","Дрань штукатурная, длиной от 800 мм до 1000 мм, шириной от 19 мм до 22 мм, толщиной 4 мм","1000 шт.",0.1026,5314,5024,"-",545]
[null,null,null,null,null,null,"--","--","-"]
["126","287729С","217-105-0102\nРСНБ РК 2022","Дюбель полипропиленовый универсальный с шурупами","кг",0.86350000000000005,626,612,"-",541]
[null,null,null,null,null,null,"--","--","-"]
["127","147341С","261-107-0571\nРСНБ РК 2022","Электроды, d=5 мм, Э42 ГОСТ 9466-75","т",1.9706900000000002E-3,272284,264715,"-",537]
[null,null,null,null,null,null,"--","--","-"]
["128","290063С","217-106-0105\nРСНБ РК 2022","Шуруп ГОСТ 1147-80 с полукруглой головкой","кг",0.44500000000000001,1050,1028,"-",467]
[null,null,null,null,null,null,"--","--","-"]
["129","279826С","214-203-0103\nРСНБ РК 2022","Швеллер горячекатаный с внутренним уклоном граней полок из углеродистой стали ГОСТ 380-2005 № 22У-40У","т",7.1241999999999996E-4,545661,533072,"-",389]
[null,null,null,null,null,null,"--","--","-"]
["130","146649С","217-605-0101\nРСНБ РК 2022","Кислород технический газообразный ГОСТ 5583-78","м³",0.57281000000000004,655,624,"-",375]
[null,null,null,null,null,null,"--","--","-"]
["131","127927С","214-209-0210\nРСНБ РК 2022","Проволока стальная термически обработанная, оцинкованная ГОСТ 3282-74 диаметром 3 мм","кг",0.75,483,472,"-",362]
[null,null,null,null,null,null,"--","--","-"]
["132","144746С","217-101-0107\nРСНБ РК 2022","Болт с гайкой и шайбой ГОСТ ISO 8992-2015 строительный","т",4.3633000000000002E-4,813201,795366,"-",355]
[null,null,null,null,null,null,"--","--","-"]
["133","131630С","215-203-0202\nРСНБ РК 2022","Доска необрезная хвойных пород длиной до 6,5 м, любой ширины, толщиной от 19 мм до 22 мм ГОСТ 8486-86 сорт 2","м³",4.0000000000000001E-3,83549,81362,"-",334]
[null,null,null,null,null,null,"--","--","-"]
["134","187488С","261-301-0217\nРСНБ РК 2022","Кронштейны для крепления радиаторов к кирпичным и бетонным стенам при длине кронштейна 325 мм","100 шт.",4.3119999999999999E-2,7701,7484,"-",332]
[null,null,null,null,null,null,"--","--","-"]
["135","187487С","261-301-0216\nРСНБ РК 2022","Кронштейны для крепления радиаторов к кирпичным и бетонным стенам при длине кронштейна 131 мм","100 шт.",4.3679999999999997E-2,7391,7206,"-",323]
[null,null,null,null,null,null,"--","--","-"]
["136","238444С","243-902-0103\nРСНБ РК 2022","Гильза кабельная медная ГОСТ 23469.0-81, марки ГМ 6-4, внутренним диаметром 4 мм, сечением жил 6 мм2","шт.",3.6,75,73,"-",270]
[null,null,null,null,null,null,"--","--","-"]
["137","144766С","217-101-0401\nРСНБ РК 2022","Болт анкерный ГОСТ ISO 8992-2015 оцинкованный","кг",0.84140000000000004,308,300,"-",259]
[null,null,null,null,null,null,"--","--","-"]
["138","242809С","261-404-0536\nРСНБ РК 2022","Колпачки изолирующие ГОСТ Р 51177-2017","10 шт.",1.47,160,157,"-",235]
[null,null,null,null,null,null,"--","--","-"]
["139","249098С","261-107-1001\nРСНБ РК 2022","Шурупы типа LN размерами 3,5 мм х 9 мм","шт.",224.37655000000001,1,1,"-",224]
[null,null,null,null,null,null,"--","--","-"]
["140","145975С","217-108-0302\nРСНБ РК 2022","Гвоздь толевый ГОСТ 283-75 неоцинкованный","кг",0.48,444,433,"-",213]
[null,null,null,null,null,null,"--","--","-"]
["141","128061С","261-102-0217\nРСНБ РК 2022","Проволока из низкоуглеродистой оцинкованной стали первого класса 1Ц, общего назначения, высшего качества, термически обработанная, диаметром 3 мм ГОСТ 3282-74","кг",1.44,140,136,"-",202]
[null,null,null,null,null,null,"--","--","-"]
["142","290061С","217-106-0104\nРСНБ РК 2022","Шуруп ГОСТ 1147-80 для крепления металлического профиля","кг",0.16495325,1155,1130,"-",191]
[null,null,null,null,null,null,"--","--","-"]
["143","243009С","261-404-0618\nРСНБ РК 2022","Зажим люстровый ГОСТ Р 51177-2017","шт.",4.08,46,45,"-",188]
[null,null,null,null,null,null,"--","--","-"]
["144","147307С","261-107-0546\nРСНБ РК 2022","Шкурка шлифовальная двухслойная с зернистостью 40/25 ГОСТ 13344-79","м²",0.65939999999999999,225,220,"-",148]
[null,null,null,null,null,null,"--","--","-"]
["145","149372С","236-104-0102\nРСНБ РК 2022","Уайт-спирит ГОСТ 3134-78","т",2.7359999999999998E-4,525811,512401,"-",144]
[null,null,null,null,null,null,"--","--","-"]
["146","145749С","261-107-0992\nРСНБ РК 2022","Дюбели гвоздевые полипропиленовые со стальным оцинкованным стержнем размерами 8 мм х 120 мм","шт.",7.08,19,18,"-",135]
[null,null,null,null,null,null,"--","--","-"]
["147","287764С","261-107-0961\nРСНБ РК 2022","Бирки маркировочные","100 шт.",9.2999999999999999E-2,1438,1410,"-",134]
[null,null,null,null,null,null,"--","--","-"]
["148","147732С","261-107-0782\nРСНБ РК 2022","Трубка поливинилхлоридная ХВТ","кг",0.249,495,483,"-",123]
[null,null,null,null,null,null,"--","--","-"]
["149","242795С","261-404-0531\nРСНБ РК 2022","Сжимы соединительные","100 шт.",7.6799999999999993E-2,1381,1227,"-",106]
[null,null,null,null,null,null,"--","--","-"]
["150","131551С","215-202-0603\nРСНБ РК 2022","Брусок обрезной хвойных пород длиной от 2 м до 3,75 м, шириной от 75 мм до 150 мм, толщиной от 40 мм до 75 мм ГОСТ 8486-86 сорт 3","м³",8.5999999999999998E-4,120534,117522,"-",104]
[null,null,null,null,null,null,"--","--","-"]
["151","290062С","261-107-0996\nРСНБ РК 2022","Заклепка вытяжная комбинированная, алюминиевая головка, стальной стержень","кг",6.6170999999999994E-2,1491,1460,"-",99]
[null,null,null,null,null,null,"--","--","-"]
["152","145981С","261-107-0226\nРСНБ РК 2022","Гвозди усиленные ГОСТ 283-75","кг",0.39,240,233,"-",94]
[null,null,null,null,null,null,"--","--","-"]
["153","286164С","217-108-0101\nРСНБ РК 2022","Гвоздь ГОСТ 283-75 строительный","кг",0.1398566,659,644,"-",92]
[null,null,null,null,null,null,"--","--","-"]
["154","147074С","261-107-0446\nРСНБ РК 2022","Канаты пеньковые пропитанные ГОСТ 30055-93","т",3.6170000000000001E-5,2453940,2403915,"-",89]
[null,null,null,null,null,null,"--","--","-"]
["155","102634С","212-401-0102\nРСНБ РК 2022","Раствор кладочный цементный ГОСТ 28013-98 марки М50","м³",2.8279999999999998E-3,30209,21696,"-",85]
[null,null,null,null,null,null,"--","--","-"]
["156","147047С","261-107-0432\nРСНБ РК 2022","Ветошь","кг",0.66076000000000001,119,115,"-",79]
[null,null,null,null,null,null,"--","--","-"]
["157","144613С","216-103-0101\nРСНБ РК 2022","Гипсовое вяжущее ГОСТ 125-2018 марки Г-3","т",3.4759999999999999E-3,21090,18977,"-",73]
[null,null,null,null,null,null,"--","--","-"]
["158","146045С","261-107-0998\nРСНБ РК 2022","Шуруп-саморез оцинкованный с полусферической головкой и прессшайбой 4,2х16 мм","шт.",28.77,2,2,"-",58]
[null,null,null,null,null,null,"--","--","-"]
["159","147163С","261-107-0489\nРСНБ РК 2022","Лента бутиловая ПСУЛ","м",0.49267,112,109,"-",55]
[null,null,null,null,null,null,"--","--","-"]
["160","149219С","236-101-0107\nРСНБ РК 2022","Грунтовка глифталевая ГФ-021 СТ РК ГОСТ Р 51693-2003","т",1.1301E-4,467116,454857,"-",53]
[null,null,null,null,null,null,"--","--","-"]
["161","287782С","236-203-0109\nРСНБ РК 2022","Эмаль СТ РК ГОСТ Р 51691-2003 ПФ-115","т",9.0000000000000006E-5,539649,525162,"-",49]
[null,null,null,null,null,null,"--","--","-"]
["162","272105С","236-104-0103\nРСНБ РК 2022","Растворитель для лакокрасочных материалов ГОСТ 7827-74","т",7.1199999999999996E-5,623062,607746,"-",44]
[null,null,null,null,null,null,"--","--","-"]
["163","131534С","215-202-0501\nРСНБ РК 2022","Брусок обрезной хвойных пород длиной от 4 м до 6,5 м, шириной от 75 мм до 150 мм, толщиной от 40 мм до 75 мм ГОСТ 8486-86 сорт 1","м³",3.2841000000000001E-4,120534,117522,"-",40]
[null,null,null,null,null,null,"--","--","-"]
["164","147337С","261-107-0567\nРСНБ РК 2022","Электроды, d=4 мм, Э42 ГОСТ 9466-75","т",1.373E-4,278998,271298,"-",38]
[null,null,null,null,null,null,"--","--","-"]
["165","146664С","217-605-0104\nРСНБ РК 2022","Пропан-бутан, смесь техническая ГОСТ Р 52087-2018","кг",0.14617820000000001,251,244,"-",37]
[null,null,null,null,null,null,"--","--","-"]
["166","128849С","214-214-0108\nРСНБ РК 2022","Канат стальной двойной свивки типа ТК конструкции 6х37(1+6+12+18)+1 о.с., оцинкованный, из проволоки марки В, маркировочная группа 1770 Н/мм2, диаметром 5 мм","10 м",4.5940399999999998E-3,5414,5307,"-",25]
[null,null,null,null,null,null,"--","--","-"]
["167","249132С","217-603-0104\nРСНБ РК 2022","Вода техническая","м³",0.653775,32,32,"-",21]
[null,null,null,null,null,null,"--","--","-"]
["168","147733С","261-107-0783\nРСНБ РК 2022","Трубка полихлорвиниловая","кг",4.0800000000000003E-2,492,480,"-",20]
[null,null,null,null,null,null,"--","--","-"]
["169","147172С","261-107-0493\nРСНБ РК 2022","Лента липкая изоляционная на поликасиновом компаунде марки ЛСЭПЛ, шириной 20 - 30 мм, толщиной от 0,14 до 0,19 мм","кг",1.24E-2,859,840,"-",11]
[null,null,null,null,null,null,"--","--","-"]
["170","249131С","217-603-0103\nРСНБ РК 2022","Вода питьевая ГОСТ 2874-82","м³",1.5699999999999999E-2,162,162,"-",3]
[null,null,null,null,null,null,"--","--","-"]
["171","128070С","261-102-0226\nРСНБ РК 2022","Проволока горячекатаная обычной точности в мотках из стали СВ-08А диаметром от 6,3 мм до 6,5 мм ГОСТ 10543-98","кг",9.9498E-3,93,90,"-",0.93]
[null,null,null,null,null,null,"--","--","-"]
["172","128060С","261-102-0216\nРСНБ РК 2022","Проволока из низкоуглеродистой оцинкованной стали первого класса 1Ц, общего назначения, высшего качества, термически обработанная, диаметром 1,6 мм ГОСТ 3282-74","кг",6.9999999999999994E-5,175,170,"-",0.01]
[null,null,null,null,null,null,"--","--","-"]
["173","296168С","261-303-0121\nРСНБ РК 2022","Выключатели, розетки штепсельные","шт.",7,0,"-","-","-"]
[null,null,null,null,null,null,"--","--","-"]
["174","295913С","261-107-0831\nРСНБ РК 2022","Мусор строительный","т",3.2132499999999999,0,"-","-","-"]
[null,null,null,null,null,null,"--","--","-"]
["175","295834С","261-107-0248\nРСНБ РК 2022","Дюбели","т",5.4000000000000001E-4,0,"-","-","-"]
[null,null,null,null,null,null,"--","--","-"]
["176","295688С","261-104-0121\nРСНБ РК 2022","Блоки дверные","м²",8,0,"-","-","-"]
[null,null,null,null,null,null,"--","--","-"]
["177","295687С","261-104-0120\nРСНБ РК 2022","Блоки оконные","м²",27.3,0,"-","-","-"]
[null,null,null,null,null,null,"--","--","-"]
[null,null,null,"Всего строительные материалы и конструкции","тенге",null,null,null,"--",2438690]

{"sheet":"деф вед","index":3,"n_rows":54,"n_cols":4,"rows_kept":54,"cut":false,"hidden":false,"merged":[[2,1,2,3],[3,1,3,3],[5,0,5,3],[6,0,6,3],[55,0,55,3],[37,0,37,3],[54,0,54,3],[8,1,8,3],[11,0,11,3],[22,0,22,3],[31,0,31,3]]}
[]
[]
[]
[]
[]
["Дефектный акт "]
["на ремонтно-строительные работы"]
[]
[]
["№ п/п","Наименование работ","Единица\nизмерения","Количество"]
[1,2,3,4]
["РАЗДЕЛ 1.Замена окон."]
["1","Коробки оконные в каменных стенах. Демонтаж с выламыванием четвертей в кладке","шт.",15]
["2","Проемы оконные площадью более 2 м². Установка блоков из ПВХ профилей поворотных (откидных, поворотно-откидных)трехстворчатых (в том числе при наличии створок глухого остекления)","м²",27.3]
["3","Доски подоконные деревянные в зданиях каменных. Снятие","м²",10.5]
["4","Доски подоконные из ПВХ. Установка в стенах каменных глубиной проема (шириной) до 0,50 м","м",21]
["5","Пояски, сандрики, желоба, отливы, свесы и тому подобное. Разборка","м",21]
["6","Отливы оконные наружные из оцинкованной стали с полимерным покрытием шириной 250 мм. Устройство","м",21]
["7","Откосы. Облицовка неперфорированными плитами из бумажно-слоистого декоративного пластика толщиной 2 мм","м² поверхности",15]
["8","Решетки приямков металлические. Разборка","т металлических изделий",0.375]
["9","Решетки приямков металлические. Установка","т металлических изделий",0.375]
["10","Решетки и ограды металлические ранее окрашенные. Окраска масляными составами за два раза","м²",27.3]
["РАЗДЕЛ 2.Крыльцо"]
["11","Конструкции решетчатые (стойки, опоры, фермы и пр.). Сборка с помощью лебедок ручных (с установкой и снятием их в процессе работы) или вручную (мелких деталей)","т конструкций",9.1660000000000005E-2]
["12","Ямы для установки стоек и столбов. Рытье. Глубина 0,4 м","яма",2]
["13","Связи вертикальные в виде ферм для пролетов до 24 м при высоте здания до 25 м. Монтаж","т конструкций",9.1660000000000005E-2]
["14","Покрытия мелкие (брандмауэры, парапеты, свесы и тому подобное) из листовой оцинкованной стали. Устройство","м² покрытия",12]
["15","Покрытие кровельное из профилированного листа при высоте здания до 25 м. Монтаж","м² покрытия",18]
["16","Блоки дверные стальные однопольные. Установка в кирпичных стенах","м²",2]
["17","Проемы дверные наружные и внутренние площадью до 3 м² в каменных стенах. Установка блоков из ПВХ профилей","м²",2]
["18","Подливка бетоном крыльца","м³",1]
["РАЗДЕЛ 3.Фасад"]
["19","Фасады простые. Очистка вручную от краски масляной, перхлорвиниловой с земли и лесов","м²",23.75]
["20","Штукатурка фасадов. Ремонт сухой растворной смесью","м²",23.75]
["21","Штукатурка гладких фасадов по дереву. Ремонт известковым раствором с земли и лесов при площади отдельных мест до 5 м². Толщина слоя до 25 мм","м²",17.100000000000001]
["22","Фасады простые. Окраска перхлорвиниловыми красками по подготовленной поверхности за 2 раза с земли и лесов","м²",17.100000000000001]
["23","Фасады вентилируемые. Устройство с облицовкой металлосайдингом без теплоизоляционного слоя с лесов","м² поверхности облицовки",6.65]
["РАЗДЕЛ 4.Ремонт двух комнат"]
["24","Обои обыкновенного качества и улучшенные. Снятие","м² оклеенной поверхности",78.5]
["25","Стены. Глухие. Обшивка по одинарному металлическому каркасу из ПП-профиля одним слоем гипсокартонных листов","м² стен (за вычетом проемов)",78.5]
["26","Штукатурка стен внутри здания. Выравнивание сплошное (однослойная штукатурка) сухой растворной смесью толщиной до 10 мм для последующей окраски или оклейки обоями","м²",78.5]
["27","Стены. Окраска поливинилацетатными водоэмульсионными составами улучшенная по штукатурке","м² окрашиваемой поверхности",78.5]
["28","Полы. Устройство оснований под покрытие из древесностружечных плит на мастике в один слой. Площадь до 20 м²","м²",32]
["29","Покрытия из линолеума. Устройство","м² покрытия",32]
["30","Потолки натяжные одноуровневые. Устройство из поливинилхлоридной пленки (ПВХ)","м²",32]
["31","Радиатор весом до 80 кг. Демонтаж","шт.",5]
["32","Радиаторы чугунные. Установка","кВт",5.6]
["33","Коробки дверные в каменных стенах. Демонтаж с выламыванием четвертей в кладке","шт.",1]
["34","Проемы дверные площадью более 3 м² во внутренних стенах и перегородках. Установка блоков на распорных дюбелях","м²",4]
["35","Стены, полы бетонные. Пробивка борозд площадью сечения до 20 см2","м борозд",30]
["36","Выключатели, розетки. Смена","шт.",7]
["37","Провод групповой осветительных сетей в защитной оболочке или кабель двух-трехжильный. Прокладка под штукатурку по стенам или в бороздах","м",30]
["38","Светильник для помещений . Монтаж с подвеской на крюк","шт.",4]
["39","Коробка ответвительная. Монтаж на стене","шт.",7]